Cotton gin operating costs in West Texas, the Lower Rio Grande Valley, and the Blacklands of Texas, 1971 and 1972 seasons /

Bibliographic Details
Main Author: Shaw, Dale L. (Dale Leroy)
Corporate Author: United States. Department of Agriculture. Economic Research Service
Other Authors: Wilmot, Charles A. (Charles Archibald), 1921-, Heron, Betty K.
Format: Government Document Book
Language:English
Published: Washington, D.C. : Economic Research Service, U.S. Dept. of Agriculture, 1975.
Series:Agricultural economic report ; no. 286.
Subjects:

MARC

Tag First Indicator Second Indicator Subfields
LEADER 00000cam a2200000Ia 4500
001 in00001783821
005 20151025123723.0
008 031106s1975 dcu f000 0 eng
035 |a (OCoLC)ocm01426592 
035 |a (OCoLC)1426592 
040 |a AGL  |c AGL  |d OCL  |d AGL  |d OCLCQ  |d MTG  |d TXA  |d UtOrBLW 
043 |a n-us-tx 
049 |a TXAM 
050 4 |a HD1751  |b .A91854 no.286 
070 0 |a A281.9  |b Ag8A no.286 
072 0 |a S200 
082 0 4 |a 338.1 
086 0 |a A 1.107:286 
100 1 |a Shaw, Dale L.  |q (Dale Leroy) 
245 1 0 |a Cotton gin operating costs in West Texas, the Lower Rio Grande Valley, and the Blacklands of Texas, 1971 and 1972 seasons /  |c [by Dale L. Shaw, Charles A. Wilmot, and Betty Heron]. 
264 1 |a Washington, D.C. :  |b Economic Research Service, U.S. Dept. of Agriculture,  |c 1975. 
300 |a ii, 16 pages ;  |c 26 cm. 
336 |a text  |b txt  |2 rdacontent 
337 |a unmediated  |b n  |2 rdamedia 
338 |a volume  |b nc  |2 rdacarrier 
490 1 |a Agricultural economic report ;  |v no. 286 
650 0 |a Cotton gins and ginning  |z Texas  |x Costs. 
700 1 |a Wilmot, Charles A.  |q (Charles Archibald),  |d 1921- 
700 1 |a Heron, Betty K. 
710 1 |a United States.  |b Department of Agriculture.  |b Economic Research Service. 
830 0 |a Agricultural economic report ;  |v no. 286. 
994 |a C0  |b TXA 
948 |a cataloged  |b h  |c 2010/07/07  |e rzeske  |f 09:41:19 am 
999 |a MARS 
999 f f |s 3740ff0f-b2c8-3e57-92c5-7fbbf58570e4  |i 16779e36-bef0-3173-acaf-a784822365db  |t 0 
952 f f |p normal  |a Texas A&M University  |b College Station  |c Sterling C. Evans Library  |d Evans: US Documents (Annex 5th floor)  |t 0  |e A 1.107:286  |h Superintendent of Documents classification  |i unmediated -- volume  |m A14830998167 
998 f f |a A 1.107:286  |t 0  |l Evans: US Documents (Annex 5th floor)